Les 100 joueurs les plus valorisés des championnats mineurs - Statistiques

Statistiques générales
  • Ce quiz a été pris 17 fois
  • Le résultat moyen est 15 sur 100
Statistiques - réponses
Nationalité Joueur Club % Correct
Nigérian Victor Osimhen Galatasaray SK
100%
Portugais Gustavo Sá FC Famalicão
88%
Danois Morten Hjulmand Sporting CP
71%
Portugais António Silva SL Benfica
53%
Grec Vangelis Pavlidis SL Benfica
53%
Portugais Diogo Costa FC Porto
47%
Ivoirien Ousmane Diomande Sporting CP
47%
Espagnol Samu Aghehowa FC Porto
47%
Ukrainien Anatoliy Trubin SL Benfica
41%
Brésilien Gerson Cruzeiro EC
41%
Portugais Gonçalo Inácio Sporting CP
41%
Marocain Ismael Saibari PSV Eindhoven
41%
Brésilien Lucas Paquetá CR Flamengo
41%
Portugais Francisco Trincão Sporting CP
35%
Portugais Geovany Quenda Sporting CP
35%
Colombien Luis Suárez Sporting CP
29%
Espagnol Gabri Veiga FC Porto
24%
Allemand Leroy Sané Galatasaray SK
24%
Belge Nathan De Cat RSC Anderlecht
24%
Portugais Pedro Gonçalves Sporting CP
24%
Algérien Anis Hadji Moussa Feyenoord Rotterdam
18%
Turc Barış Alper Yılmaz Galatasaray SK
18%
Grec Christos Tzolis Club Bruges
18%
Brésilien Gedson Fernandes Spartak Moscou
18%
Polonais Jakub Kiwior FC Porto
18%
Néerlandais Jerdy Schouten PSV Eindhoven
18%
Colombien Jhon Durán PSV Eindhoven
18%
Équatorien Joel Ordóñez Club Bruges
18%
Néerlandais Joey Veerman PSV Eindhoven
18%
Brésilien Luiz Henrique Zenit Saint-Petersbourg
18%
Français Mattéo Guendouzi Fenerbahçe SK
18%
Uruguayen Maxi Araújo Sporting CP
18%
Brésilien Pepê FC Porto
18%
Colombien Richard Ríos SL Benfica
18%
Portugais Rodrigo Mora FC Porto
18%
Etatsunien Sergiño Dest PSV Eindhoven
18%
Portugais Tomás Araújo SL Benfica
18%
Brésilien Vitor Roque SE Palmeiras
18%
Belge Zeno Debast Sporting CP
18%
Ghanéen Abdul Fatawu Leicester City
12%
Argentin Alan Varela FC Porto
12%
Colombien Davinson Sánchez Galatasaray SK
12%
Norvégien Fredrik Aursnes SL Benfica
12%
Ukrainien Georgiy Sudakov SL Benfica
12%
Argentin José Manuel López SE Palmeiras
12%
Etatsunien Josh Sargent Norwich City
12%
Croate Josip Šutalo Ajax Amsterdam
12%
Turc Kerem Aktürkoğlu Fenerbahçe SK
12%
Israélien Oscar Gloukh Ajax Amsterdam
12%
Espagnol Riqui Puig Los Angeles Galaxy
12%
Irlandais Troy Parrott AZ Alkmaar
12%
Ivoirien Wilfried Singo Galatasaray SK
12%
Brésilien William Gomes FC Porto
12%
Espagnol Borja Sainz FC Porto
6%
Brésilien Caio Jorge Cruzeiro EC
6%
Grec Christos Mouzakitis Olympiakos le Pirée
6%
Brésilien Danilo Botafogo FR
6%
Arménien Eduard Spertsyan FK Krasnodar
6%
Brésilien Evander FC Cincinnati
6%
Grec Fotis Ioannidis FC Porto
6%
Bissau-Guinéen Franculino FC Midtjylland
6%
Croate Franjo Ivanović SL Benfica
6%
Brésilien Gabriel Sara Galatasaray SK
6%
Néerlandais Gustavo Hamer Sheffield United
6%
Coréen Heung-Min Son Los Angeles FC
6%
Néerlandais Jayden Oosterwolde Fenerbahçe SK
6%
Grec Konstantinos Karetsas KRC Genk
6%
Anglais Leif Davis Ipswich Town
6%
Anglais Mikey Moore Rangers Glasgow
6%
Néerlandais Noa Lang Galatasaray SK
6%
Brésilien Pedro CF Flamengo
6%
Néerlandais Ryan Flamingo PSV Eindhoven
6%
Brésilien Samuel Lino CR Flamengo
6%
Danois Victor Froholdt FC Porto
6%
Espagnol Yeremay Hernández Déportivo La Corogne
6%
Turc Yunus Akgün Galatasaray SK
6%
Brésilien Yuri Alberto SC Corinthians
6%
Russe Aleksey Batrakov Lokomotiv Moscou
0%
Bosniaque Anel Ahmedhodžić Feyenoord Rotterdam
0%
Malien Dorgeles Nene Fenerbahçe SK
0%
Belge Dodi Lukébakio SL Benfica
0%
Mexicain Edson Álvarez Fenerbahçe SK
0%
Ivoirien Emmanuel Agbadou Beşiktaş JK
0%
Irlandais Finn Azaz Southampton FC
0%
Grec Giannis Konstantelias PAOK Thessalonique
0%
Néerlandais Givairo Read Feyenoord Rotterdam
0%
Anglais Hayden Hackney Middlesbrough FC
0%
Anglais Jacob Greaves Ipswich Town
0%
Anglais Jayden Philogene Ipswich Town
0%
Anglais Jay Stansfield Birmingham City
0%
Néerlandais Kees Smit AZ Alkmaar
0%
Allemand Kennet Eichhorn Hertha Berlin
0%
Néerlandais Luciano Valente Feyenoord Rotterdam
0%
Russe Matvey Kislyak CSKA Moscou
0%
Brésilien Mauro Júnior PSV Eindhoven
0%
Turc Orkun Körkçü Beşiktaş JK
0%
Nigérian Raphael Onyedika Club Bruges
0%
Uruguayen Rodrigo Zalazar SC Braga
0%
Norvégien Sinder Walle Egeli Ipswich Town
0%
Anglais Taylor Harwood-Bellis Southampton FC
0%
Aucun quiz correspondant
Distribution des résultats
% des personnes avec chaque résultat
Percentile par nombre de réponses
Votre historique - résultats
Vous n’avez pas pris ce quiz